Pays les plus proches de Grenade - Mort subite - Statistiques

Statistiques générales
  • Ce quiz a été pris 35 fois
  • Le résultat moyen est 6 sur 15
Answers on the Grid
Answers color-coded by a green-red scale on the quiz's grid according to % correct below.
Saint-Kitts-et-Nevis
Antigua-et-Barbuda
Dominique
Sainte-Lucie
Barbade
Trinité-et-Tobago
République dominicaine
Haïti
Venezuela
Colombie
Brésil
Guyane
Suriname
Bahamas
Saint-Vincent-et-les-Grenadines
États-Unis
Mexique
Cuba
Honduras
El Salvador
Belize
Nicaragua
Costa Rica
Panama
Équateur
Pérou
Bolivie
Paraguay
Canada
Jamaïque
 
Statistiques - réponses
Réponse % Correct
Dominique
55%
Saint-Vincent-et-les-Grenadines
55%
Trinité-et-Tobago
55%
Antigua-et-Barbuda
50%
Barbade
40%
Sainte-Lucie
40%
Suriname
40%
République dominicaine
35%
Brésil
30%
Haïti
30%
Saint-Kitts-et-Nevis
30%
Venezuela
30%
Bahamas
25%
Colombie
25%
Guyane
25%
Aucun quiz correspondant
Distribution des résultats
% des personnes avec chaque résultat
Percentile par nombre de réponses
Votre historique - résultats
Vous n’avez pas pris ce quiz